000 00567nam a2200193 a 4500
005 20240702063810.0
008 040429s2003 mx r 000 0 spa d
020 _a9702906997
035 _aUPN01000133207
049 _aCG
050 4 _aMT18
_bT6.2
100 1 _aTorres Parés, Pablo
245 1 3 _aEl arte de educar :
_buna concepción integradora de la educación musical /
_cPablo Torres Parés.
260 _aMéxico :
_bSantillana,
_c2003.
300 _a144 p.
440 0 _aAula XXI ;
_v10
650 4 _aMúsica
_xEstudio y enseñanza
_9174
905 _aLibro
999 _c105359
_d105359